| 000 | nam a22 a 4500 | ||
|---|---|---|---|
| 999 |
_c3581 _d3581 |
||
| 005 | 20170523113704.0 | ||
| 008 | 170523b1987 cau||||| |||| 00| 0 eng d | ||
| 020 | _a9780931961229 | ||
| 020 | _a093196122X | ||
| 040 | _aAKMAL | ||
| 082 | _a658.4093 HAY | ||
| 090 |
_a658.4093 _b HAY |
||
| 100 | 1 |
_aHaynes, Marion E. _97018 |
|
| 245 | 1 | 0 |
_aPersonal time management / _c Marion E. Haynes. |
| 260 |
_a Los Altos, Calif. : _b Crisp, _c 1987. |
||
| 300 |
_aii, 71 p. : _b ill. ; _c26cm |
||
| 490 | 1 | _a50-Minute series | |
| 520 | _aLearn how you presently use time and identify what time you can control and how to make the most use of it. | ||
| 650 | 0 |
_aTime management. _91213 |
|
| 830 | 0 |
_aFifty-Minute series. _91134 |
|
| 942 |
_2ddc _cBOOK |
||